Language Quiz

Random Language Quiz

25 Ways Not to Spell 'Tale' Quiz Stats

 Plays Quiz not verified by Sporcle

Score 0/25 Timer 03:00
0 Plays Today
What to Change Word % Correct
Change the Tdale
98.7%
Change the Tmale
98.3%
Change the Tbale
97.9%
Change the Tsale
97.9%
Change the Tgale
97.4%
Change the Trale
97.4%
Change the Thale
96.6%
Change the Tpale
96.2%
Change the Twale
96.2%
Change the Tkale
95.7%
Change the Tyale
94.9%
Change the Atile
94.9%
Change the Atole
94.9%
What to Change Word % Correct
Change the Atule
94.9%
Change the Ltame
94.7%
Change the Tvale
94.4%
Change the Atele
94%
Change the Ltape
93.8%
Change the Ltare
92.3%
Change the Etalc
92.3%
Change the Etalk
92.3%
Change the Etala
91.5%
Change the Ltake
90.6%
Change the Etali
90.2%
Change the Etall
89.7%

You're not logged in!

Compare scores with friends on all Sporcle quizzes.
OR
Log In

Sporcle TV

Today on Sporcle TV


Watch our educational content, quiz creation guides, and fun videos on Sporcle TV.

Show Comments

Extras

Created Aug 23, 2015ReportNominate
Tags:A Tale, not, spelled, Spelling, tale

Top Quizzes Today


Score Distribution

Your Account Isn't Verified!

In order to create a playlist on Sporcle, you need to verify the email address you used during registration. Go to your Sporcle Settings to finish the process.

Report this User

Report this user for behavior that violates our Community Guidelines.

Details: